Előszó
Elmentve itt :
| Szerzők: | |
|---|---|
| Dokumentumtípus: | Könyv része |
| Megjelent: |
2014
|
| Sorozat: | A vallási kultúrakutatás könyvei
Hagyományláncolat és modernitás |
| Kulcsszavak: | Zsidó vallás - előszó, Zsidók története - Magyarország - 19-20. sz. - előszó |
| Tárgyszavak: | |
| Online Access: | http://acta.bibl.u-szeged.hu/67194 |
| LEADER | 00948naa a2200265 i 4500 | ||
|---|---|---|---|
| 001 | acta67194 | ||
| 005 | 20211122075510.0 | ||
| 008 | 200526s2014 hu o 0|| hun d | ||
| 020 | |a 978-963-306-283-8 | ||
| 022 | |a 2064-4825 | ||
| 040 | |a SZTE Egyetemi Kiadványok Repozitórium |b hun | ||
| 041 | |a hun | ||
| 100 | 1 | |a Glässer Norbert | |
| 245 | 1 | 0 | |a Előszó |h [elektronikus dokumentum] / |c Glässer Norbert |
| 260 | |c 2014 | ||
| 300 | |a 9-10 | ||
| 490 | 0 | |a A vallási kultúrakutatás könyvei | |
| 490 | 0 | |a Hagyományláncolat és modernitás | |
| 650 | 4 | |a Társadalomtudományok | |
| 650 | 4 | |a Szociológia | |
| 650 | 4 | |a Bölcsészettudományok | |
| 650 | 4 | |a Filozófia, etika és vallástudományok | |
| 695 | |a Zsidó vallás - előszó, Zsidók története - Magyarország - 19-20. sz. - előszó | ||
| 700 | 0 | 1 | |a Zima András |e aut |
| 856 | 4 | 0 | |u http://acta.bibl.u-szeged.hu/67194/1/vallasi_kulturakutatas_konyvei_011_009-010.pdf |z Dokumentum-elérés |